000 00291nam a22001337a 4500
008 170421b xxu||||| |||| 00| 0 eng d
020 _a55974
041 _aeng
080 _a573
100 _a11
101 _aSHM
245 _aTHE BIOLOGY OF POPULATION
_cMACARTHUR, R.H
942 _2udc
_cBK
999 _c11536
_d11536